000 00613nam a2200229Ia 4500
003 OSt
005 20220928135550.0
006 a|||||r|||| 00| 0
007 ta
008 220927b |||||||| |||| 00| 0 eng d
024 _a3207
037 _cTextual
040 _aSDCL
_cSDCL
_beng
041 _2eng
_aeng
082 _aX;533.3'N9, N1
100 _aKeat Russell Ed.
_9491596
245 0 _aEnterprise culture
260 _c1991
700 _a Abercrombie Nicholas Ed.
_9491597
942 _hX;533.3'N9, N1
_cTEXL
_2CC
999 _c807001
_d807001